Gerald D. Schmidt & Larry S. Roberts' foundations of parasitology / (Record no. 36895)
[ view plain ]
| 000 -LEADER | |
|---|---|
| fixed length control field | 01241nam a2200337 a 4500 |
| 001 - CONTROL NUMBER | |
| control field | 36895 |
| 003 - CONTROL NUMBER IDENTIFIER | |
| rucl marc code | BD-RjUL |
| 005 - DATE AND TIME OF LATEST TRANSACTION | |
| control field | 20211209052544.0 |
| 008 - FIXED-LENGTH DATA ELEMENTS--GENERAL INFORMATION | |
| fixed length control field | 080721s2009 maua b 001 0 eng |
| 020 ## - INTERNATIONAL STANDARD BOOK NUMBER | |
| International Standard Book Number | 9780071311038 |
| 035 ## - SYSTEM CONTROL NUMBER | |
| System control number | (OCoLC)ocn226356765 |
| System control number | (OCoLC)226356765 |
| -- | (BD-RjUL)36997 |
| 040 ## - CATALOGING SOURCE | |
| Original cataloging agency | DLC |
| Transcribing agency | DLC |
| Modifying agency | BTCTA |
| -- | BAKER |
| -- | YDXCP |
| -- | COU |
| -- | OCLCQ |
| -- | CDX |
| -- | DLC |
| -- | BD-RjUL |
| Language of cataloging | eng |
| 041 ## - LANGUAGE CODE | |
| Language code of text/sound track or separate title | eng |
| 082 00 - DEWEY DECIMAL CLASSIFICATION NUMBER | |
| Classification number | 591.7857 |
| Edition number | 22 |
| Author mark and year | ROG 2009 |
| 100 1# - MAIN ENTRY--PERSONAL NAME | |
| Personal name | Roberts, Larry S., |
| Dates associated with a name | 1935- |
| 9 (RLIN) | 112617 |
| 245 10 - TITLE STATEMENT | |
| Title | Gerald D. Schmidt & Larry S. Roberts' foundations of parasitology / |
| Statement of responsibility, etc. | Larry S. Roberts, John Janovy, Jr. |
| 246 3# - VARYING FORM OF TITLE | |
| Title proper/short title | Gerald D. Schmidt and Larry S. Roberts' foundations of parasitology |
| Title proper/short title | Foundations of parasitology |
| 250 ## - EDITION STATEMENT | |
| Edition statement | 8th ed. |
| 260 ## - PUBLICATION, DISTRIBUTION, ETC. (IMPRINT) | |
| Place of publication, distribution, etc. | Boston : |
| Name of publisher, distributor, etc. | McGraw-Hill Higher Education, |
| Date of publication, distribution, etc. | c2009. |
| 300 ## - PHYSICAL DESCRIPTION | |
| Pagination | xvii, 701 p. ; |
| Illustrations | ill. (some col.) ; |
| Size | 29 cm. |
| 504 ## - BIBLIOGRAPHY, ETC. NOTE | |
| Bibliography, etc | Includes bibliographical references and index. |
| 650 #0 - SUBJECT ADDED ENTRY--TOPICAL TERM | |
| Topical term or geographic name as entry element | Parasitology. |
| 9 (RLIN) | 112618 |
| Topical term or geographic name as entry element | Parasitology. |
| 9 (RLIN) | 112619 |
| 700 1# - ADDED ENTRY--PERSONAL NAME | |
| Personal name | Janovy, John, |
| Dates associated with a name | 1937- |
| 856 41 - ELECTRONIC LOCATION AND ACCESS | |
| Materials specified | Table of contents only |
| Uniform Resource Identifier | <a href="http://www.loc.gov/catdir/toc/ecip0824/2008031997.html">http://www.loc.gov/catdir/toc/ecip0824/2008031997.html</a> |
| 942 ## - ADDED ENTRY ELEMENTS (KOHA) | |
| Source of classification or shelving scheme | Dewey Decimal Classification |
| Koha item type | Books |
| Lost status | Source of classification or shelving scheme | Damaged status | Not for loan | Collection code | Permanent Location | Current Location | Shelving location | Date acquired | Source of acquisition | Total Checkouts | Full call number | Date last seen | Copy number | Koha item type |
|---|---|---|---|---|---|---|---|---|---|---|---|---|---|---|
| Dewey Decimal Classification | Not For Loan | Non-fiction | Institute of Biological Sciences (IBSc) Library | Institute of Biological Sciences (IBSc) Library | 22/09/2014 | Karim International | 591.7857 ROG 2009 | 22/09/2014 | C-1 | Books |